O zpěvavém království a jiné muzikantské pohádky /

Hlavní autor: Bárta, Václav, 1937-
Jazyk: Čeština
Vydáno: V Praze : Knižní klub, 2006
Vydání: Vyd. 1.
Témata:
Externí odkaz: Digitalizovaný dokument
Fyzický popis: 122 s. : barev. il. ; 26 cm
Knihy
Uloženo v:
LEADER 01484cam a2200397 a 4500
001 nkc20061645861
003 CZ PrNK
005 20060602091639.0
007 ta
008 060320s2006 xr a b 000 f cze
015 |a cnb001645861 
020 |a 80-242-1610-8  |q (váz.) :  |c Kč 259,00 
035 |a (OCoLC)85545203 
040 |a KLG001  |b cze  |d BOA001  |d ABA001 
072 7 |a 821.162.3-3  |x Česká próza  |2 Konspekt  |9 25 
072 7 |a 821-93  |x Literatura pro děti a mládež (beletrie)  |2 Konspekt  |9 26 
080 |a 821-93  |2 MRF 
080 |a 821.162.3-34  |2 MRF 
080 |a (0:82-34)  |2 MRF 
100 1 |a Bárta, Václav,  |d 1937-  |7 jk01010816  |4 aut 
245 1 0 |a O zpěvavém království a jiné muzikantské pohádky /  |c Václav Bárta ; [ilustrace Adolf Born ... et al.] 
250 |a Vyd. 1. 
260 |a V Praze :  |b Knižní klub,  |c 2006 
300 |a 122 s. :  |b barev. il. ;  |c 26 cm 
521 8 |a Pro čtenáře od 8 let 
655 7 |a české pohádky  |7 fd133970  |2 czenas 
655 7 |a publikace pro děti  |7 fd133156  |2 czenas 
655 9 |a Czech fairy tales  |2 eczenas 
655 9 |a children's literature  |2 eczenas 
856 4 1 |u http://www.digitalniknihovna.cz/mzk/uuid/uuid:430ae4a0-82ac-11e3-a6e0-005056827e52  |y Digitalizovaný dokument  |x NDK 
910 2 |a BOA001  |b 3-1167.210 
928 9 |a Euromedia Group - Knižní klub 
990 |a BK 
995 |a 01 
991 |b 200604 
996 6 |b 2610277416  |c 3-1167.210  |l MZK  |r Sklad / do 1 hodiny  |n 0  |p p.v.  |w 000814070  |u 000010  |a 1  |e BOA001  |j MZK50  |s P